000 01360nam a2200325 a 4500
001 BRCA_3145
005 20190320204131.0
008 050209s1875----fr-a---###---#000-0dfre-u
041 _afre
044 _afr
084 _a448
_b.H34
_c1875
100 1 _aCervantes Saavedra, Miguel de
_d1547-1616
_9213
245 1 0 _aL´Ingénieux Hidalgo Don Quichotte de la Manche
_cMiguel de Cervantes Saavedra ; Traduite et Annotée par Louis Viardot.
260 _aParís
_bHachette
_c1875
300 _a2 v.
_c19 cm.
500 _aContenido : v 1. Primera parte. Noticia sobre la vida y obra de Cervantes por L. Viardot. Prólogo del autor. Texto. -- v 2. Segunda parte. Prólogo del autor. Texto
500 _aEdición : Nouvelle
500 _aEdición de surtido de la traducción de Viardot. Rústica Lúdovik Osterc
500 _aEstado físico : Encuadernación en papel y forrado en papel encerado
500 _aQM993
546 _aTexto en : francés
650 1 4 _aNovela española
_yÉpoca clásica, 1500-1700
_9215
650 1 4 _aLiteratura española
_yÉpoca clásica, 1500-1700
_9216
650 1 4 _aNovela española
_ySiglo XVII
_9217
650 1 4 _aDon Quijote (Personaje ficticio)
_eNovela
_9218
700 1 _aViardot, Louis
_d1800-1883
_eBiógrafo
_98506
740 0 _aEl Ingenioso Hidalgo Don Quijote de la Mancha
902 _aQFM
942 _2lcc
_cB
999 _c2881
_d2881